000 00605nam a2200229Ia 4500
003 OSt
005 20221005130448.0
006 a|||||r|||| 00| 0
007 ta
008 221004b |||||||| |||| 00| 0 eng d
024 _a66472
037 _cTextual
040 _aCRL
_cCRL
_beng
041 _2eng
_aeng
082 _aV73:24R:N7, K5
100 _aJones Charles O.
_9117988
245 0 _aRepublican party in American politics
260 _c1965
650 _aUNITED STATES - HISTORY
_931585
942 _hV73:24R:N7, K5
_cTEXL
_2cc
999 _c1057336
_d1057336